Statistics for Mario Kart 64 Tracks

Click here to take the quiz!

General Stats

  • This quiz has been taken 164 times
  • The average score is 12 of 16

Answer Stats

Track% Correct
Rainbow Road
95%
Bowser's Castle
92%
Luigi Raceway
86%
Moo Moo Farm
85%
Mario Raceway
83%
Toad's Turnpike
82%
Wario Stadium
82%
Royal Raceway
76%
Choco Mountain
74%
Yoshi Valley
73%
Koopa Troopa Beach
71%
Sherbet Land
70%
Banshee Boardwalk
66%
Kalimari Desert
65%
Frappe Snowland
60%
DK's Jungle Parkway
55%

Score Distribution

Percentile by Number Answered

Percent of People with Each Score

Your Score History

You have not taken this quiz